Riconosci il Pokémon - Quiz n°1022 - Statistics

Statistiche generali
  • Questo quiz è stato fatto 1 volte
  • Il punteggio medio è 4 su 10
Statistiche sulle risposte
Indizio Risposta % Corretto
Abilità Dolcevelo; Agiltecnica
100%
Tipo Folletto
100%
Stadio evoluzione Forma Base
100%
Generazione Sesta
100%
Altezza 0,4 m
0%
Tasso di cattura 200 (36.6%)
0%
Peso 3,5 kg
0%
Sesso 50% ♂, 50% ♀
0%
Tasso di allevamento Medio-Veloce
0%
Pokémon Swirlix
0%
Nessun quiz corrispondente trovato
Distribuzione punteggi
Percentuale di utenti per punteggio
Percentile per numero di risposta
I tuoi punteggi nel tempo
Non hai fatto questo quiz